做个真正成熟的人 (Record no. 17262)

000 -LEADER
fixed length control field 00451nam a22001817a 4500
003 - CONTROL NUMBER IDENTIFIER
control field MPLRDC
005 - DATE AND TIME OF LATEST TRANSACTION
control field 20220104124158.0
008 - FIXED-LENGTH DATA ELEMENTS--GENERAL INFORMATION
fixed length control field 210129b ||||| |||| 00| 0 eng d
020 ## - INTERNATIONAL STANDARD BOOK NUMBER
International Standard Book Number 957-529-134-4
082 ## - DEWEY DECIMAL CLASSIFICATION NUMBER
Classification number 177.2 WWW
100 ## - MAIN ENTRY--PERSONAL NAME
Personal name 闻薇薇编著
245 ## - TITLE STATEMENT
Title 做个真正成熟的人
Statement of responsibility, etc.
250 ## - EDITION STATEMENT
Edition statement 四十三刷
260 ## - PUBLICATION, DISTRIBUTION, ETC.
Place of publication, distribution, etc.
Name of publisher, distributor, etc. 世茂出版社
Date of publication, distribution, etc. 1993
300 ## - PHYSICAL DESCRIPTION
Other physical details
650 ## - SUBJECT ADDED ENTRY--TOPICAL TERM
Topical term or geographic name entry element 应用心理学--成功法
942 ## - ADDED ENTRY ELEMENTS (KOHA)
Koha item type Book
-- 177.2 WWW
Holdings
Withdrawn status Lost status Source of classification or shelving scheme Damaged status Not for loan Collection code Home library Current library Shelving location Date acquired Cost, normal purchase price Total Checkouts Full call number Barcode Date last seen Date last checked out Price effective from Koha item type Public note
            Malaysian Public Library, Research and Development Centre Malaysian Public Library, Research and Development Centre   10/12/2007 14.50   177.2 WWW 00017321 17/03/2021 10/12/2007 17/03/2021 Book mplrdc

© 2022. Malaysian Public Library, Research and Development Centre. All Right ReservedE-mailmplrdc@help.edu.my 

Powered by Koha